00538nam a2200217Ia 4500003000400000005001700004008004100021020002200062040000700084041000800091082001600099100004200115245004500157250000600202260003700208300002000245365001400265440000600279650001400285650002100299OSt20230617114801.0210423s2014 xx 000 0 und d a978-81-8128-475-4 cAL aeng a541.37 BOCM aBOCKRIS (John O M);REDDY (Amulya K N) aModern electrochemistry V 1: ionics Ed 2 a2 aNew YorkbSpringer Pvt Ltdc2014 axxxvii,767pbPB b1395cINR v1 aChemistry aElectrochemistry